¿Qué es el socialismo? /

Guardat en:
Dades bibliogràfiques
Autor principal: Kleméntiev, D.
Altres autors: Vasílieva, T.
Format: Text
Publicat: Moscú: Progreso
Etiquetes: Afegir etiqueta
Sense etiquetes, Sigues el primer a etiquetar aquest registre!

MARC

LEADER 00000 a a2200000 04500
001 24306
003
040
090 |a 166400  
100 |a Kleméntiev, D.  
245 |a ¿Qué es el socialismo? /  |c D. Kleméntiev 
260 |a Moscú:   |b Progreso  
300 |a 199 p.  
700 |a Vasílieva, T.  
999 |c 17388  |d 17388